Countries With the Most Tornadoes - Statistics

General Stats
  • This quiz has been taken 145 times
  • The average score is 13 of 19
Answer Stats
Tornadoes Annually Country % Correct
800 United States
99%
10-100 China
92%
50 Canada
91%
2-4 Russia
91%
2 France
84%
20 United Kingdom
84%
15 Australia
82%
<1 India
81%
50 Germany
80%
3 Japan
79%
10 Italy
78%
10 Argentina
67%
17 New Zealand
64%
2-4 Ukraine
58%
3 South Africa
54%
2 Austria
45%
2 Bangladesh
42%
1-2 Estonia
13%
2-4 Moldova
12%
No matching quizzes found
Score Distribution
Percent of People with Each Score
Percentile by Number Answered
Your Score History
You have not taken this quiz